000 00433nam a2200157Ia 4500
008 210210b2004 xxu||||| |||| 00| 0 eng d
020 _a81 7141 768 X
082 _a382 NARF
100 _aNARASAIAH (M Lakshmi).
245 _aForeign trade and the world trade organization.
260 _aND
_bDiscovery Publishing House
_c2004
300 _a147
650 _aForeign trade WTO
690 _aInternational Trade
906 _a059597
999 _c106792
_d106792